01782cam a2200289 i 450000100090000000300040000900500170001300800410003002000250007102000220009604000130011808200250013110000190015624500550017526400660023030000440029633600260034033700280036633800270039450400510042152008050047265000500127765000200132765000690134765000390141665100370145518822655OSt20240530110620.0151019s2015 ua a b 000 0 eng d a9789774166877 (pbk.) a9774166876 (pbk.) cEG-CaGPL04221a393.0932bCC/I D1 aIkram, Salima.10aDeath and burial in ancient Egypt /cSalima Ikram. 1aCairo, Egypt :bThe American University in Cairo Press, 2015. ax, 241 pages :billustrations ;c23 cm. atextbtxt2rdacontent aunmediatedbn2rdamedia avolumebnc2rdacarrier aIncludes bibliographical references and index. aDeath, burial, and the afterlife were as important to the ancient Egyptians as how they lived. This well-illustrated book explores all aspects of death in ancient Egypt, including beliefs of the afterlife, mummification, the protection of the body, tombs and their construction and decoration, funerary goods, and the funeral itself. It also addresses the relationship between the living and the dead, and the magico-religious interaction of these two in ancient Egyptian culture.Salima Ikram's own experience with experimental mummification and funerary archaeology lends the book many completely original and provocative insights. In addition, a full survey of current development in the field makes this a unique book that combines all aspects of death and burial in ancient Egypt into one volume. 0aFuneral rites and ceremonies, AncientzEgypt. 0aMummieszEgypt. 7aFuneral rites and ceremonies, Ancient.2fast0(OCoLC)fst00936237 7aMummies.2fast0(OCoLC)fst01029115 7aEgypt.2fast0(OCoLC)fst01208755